| 000 -LEADER |
| fixed length control field |
00805pab a2200157 454500 |
| 008 - FIXED-LENGTH DATA ELEMENTS--GENERAL INFORMATION |
| fixed length control field |
180718b2000 xxu||||| |||| 00| 0 eng d |
| 100 ## - MAIN ENTRY--PERSONAL NAME |
| Personal name |
Mehta, Lyla |
| 245 ## - TITLE STATEMENT |
| Title |
Drought diagnosis: dryland blindness of planners |
| 260 ## - PUBLICATION, DISTRIBUTION, ETC. |
| Date of publication, distribution, etc. |
2000 |
| 300 ## - PHYSICAL DESCRIPTION |
| Extent |
p.2439-455 |
| 362 ## - DATES OF PUBLICATION AND/OR SEQUENTIAL DESIGNATION |
| Dates of publication and/or sequential designation |
1 Jul |
| 520 ## - SUMMARY, ETC. |
| Summary, etc. |
State-sponsored interventions in Kutch have not only failed to mitigate water scarcity but have exacerbated problems in some areas. This is largely due to the dryland blindness of planners who have applied solutions from the rest of Gujarat to Kutch instead of designing strategies suited to the region. What Kutch needs is rainwater harvesting, livestock development and better techniques of dryland agriculture. - Reproduced |
| 650 ## - SUBJECT ADDED ENTRY--TOPICAL TERM |
| Topical term or geographic name entry element |
Drought |
| 773 ## - HOST ITEM ENTRY |
| Main entry heading |
Economic and Political Weekly |
| 909 ## - |
| -- |
45429 |